000 00875nam a22002297a 4500
999 _c22565
_d22565
003 AR-CdUCM
008 190423b ||||| |||| 00| 0 spa d
020 _a9786124347634
040 _aMUNICIPALIDAD PROVINCIAL DEL CUSCO
_cBIBLIOTECA MUNICIPAL DEL CUSCO
082 _aSI/869.56/N558V
_bN558V
100 _aNieto Degregori, Luis
_96534
245 _aVacaciones en Sicuani /
_cLuis Nieto Degregori ; ilustrado por Christian Ayuni
260 _aLima :
_bPanamericana,
_c2019.
300 _a43 páginas. :
_bilustraciones en color, mapa ;
_c20 cm.
500 _a"Vacaciones en Sicuani transcurre en Cusco"--Cubierta. Audiencia:Dirigido a niños de 7 a 10 años.
650 _aCuentos infantiles peruanos
_93914
650 _aLiteratura infantil
_9588
650 _aSiglo XX
_948525
700 _aAyuni, Christian
_eilustrador
_933312
942 _2ddc
_cLIBROS
945 _arac